000 01028cab a2200265 4500
001 ABS51668
008 090401t1994 xxu||||| |||| 00| 0 eng d
035 _a(Sirsi) u38570
041 _aeng
100 _aPease, I.
245 _aMore than one way to sue: liability of architects
260 _c1994
350 _a0
490 _aBuilding
_v259(7870) 25 November 1994, 29(1)
520 _aDiscusses "South and West Regional Health Authority (formerly Wessex RHA) v HLM Architects and others (ABS50526) and "Northern Regional Health Authority v Derek Crouch (ABS41652) where architects were sued for maladministration of a contract.
650 _aARCHITECTS
650 _aJCT STANDARD FORM OF BUILDING CONTRACT (1980 EDITION)
650 _aLIABILITY
650 _aMALADMINISTRATION
650 _aNORTHERN REGIONAL HEALTH AUTHORITY V DEREK CROUCH
650 _aSOUTH & WEST REGIONAL HEALTH AUTHORITY V HLM ARCHITECTS
690 _aBUILT ENVIRONMENT-BUILDING CONTRACT FORMS
942 _n0
948 _c04/03/1997
999 _c24789
_d24789